| 000 | 00561nam a2200181 a 4500 | ||
|---|---|---|---|
| 005 | 20220622081406.0 | ||
| 008 | 030813s1998 mx r 000 0 spa d | ||
| 020 | _a9688565873 | ||
| 035 | _aUPN01000127899 | ||
| 049 | _aCG | ||
| 050 | 4 |
_aGE42 _bC3.5 |
|
| 245 | 0 | 4 |
_aLos caminos de la ética ambiental : _buna antología de textos contemporáneos / _ccomp. Teresa Kwiatkowska, Jorge Issa. |
| 260 |
_aMéxico : _bPlaza y Valdés : _bCONACYT, _c1998. |
||
| 300 | _a321 p. | ||
| 650 | 2 |
_aÉtica ambiental _94960 |
|
| 700 | 1 |
_aIssa, Jorge, _ecomp. |
|
| 905 | _aLibro | ||
| 999 |
_c100078 _d100078 |
||